书目信息 |
| 题名: |
创新型企业文化的结构与重建
|
|
| 作者: | 朱凌 著 | |
| 分册: | ||
| 出版信息: | 杭州 浙江大学出版社 2008.09 |
|
| 页数: | 160页 | |
| 开本: | 23cm | |
| 丛书名: | 创新管理与持续竞争力研究博士文丛 | |
| 单 册: | ||
| 中图分类: | F279.23 | |
| 科图分类: | ||
| 主题词: | 企业文化--qi ye wen hua--研究--中国 | |
| 电子资源: | ||
| ISBN: | 978-7-308-06276-3 | |
| 000 | 01276nam 2200289 450 | |
| 001 | 012009418222 | |
| 005 | 20090624090231.62 | |
| 010 | @a978-7-308-06276-3@dCNY22.00 | |
| 100 | @a20090624d2008 em y0chi0120 ea | |
| 101 | 0 | @achi |
| 102 | @aCN@b330000 | |
| 105 | @aa a 000yy | |
| 106 | @ar | |
| 200 | 1 | @a创新型企业文化的结构与重建@Achuang xin xing qi ye wen hua de jie gou yu chong jian@d= Structure and reconstruct of innovative corporation culture@f朱凌著@Fzhu ling zhu@zeng |
| 210 | @a杭州@c浙江大学出版社@d2008.09 | |
| 215 | @a160页@c图@d23cm | |
| 225 | 2 | @a创新管理与持续竞争力研究博士文丛@Achuang xin guan li yu chi xu jing zheng li yan jiu bo shi wen cong |
| 300 | @a教育部人文社会科学研究2007年度青年基金项目和浙江省哲学社会科学2007规划课题资助 | |
| 320 | @a有书目 (第141-160页) | |
| 330 | @a本书内容包括:我国企业文化问题的严重性、制约企业创新意识整体性的根源、企业子文化创新协调机制的实证考察、企业子文化创新协调机制的模式分析等。 | |
| 410 | 0 | @12001 @a创新管理与持续竞争力研究博士文丛 |
| 510 | 1 | @aStructure and reconstruct of innovative corporation culture@zeng |
| 606 | 0 | @a企业文化@Aqi ye wen hua@x研究@y中国 |
| 690 | @aF279.23@v4 | |
| 701 | 0 | @a朱凌@Azhu ling@4著 |
| 801 | 0 | @aCN@bQSSK@c20090624 |
| 905 | @b748715-17@dF279.23@eZ852@f3 | |
| 创新型企业文化的结构与重建= Structure and reconstruct of innovative corporation culture/朱凌著.-杭州:浙江大学出版社,2008.09 |
| 160页:图;23cm.-(创新管理与持续竞争力研究博士文丛) |
| 教育部人文社会科学研究2007年度青年基金项目和浙江省哲学社会科学2007规划课题资助 |
| ISBN 978-7-308-06276-3:CNY22.00 |
| 本书内容包括:我国企业文化问题的严重性、制约企业创新意识整体性的根源、企业子文化创新协调机制的实证考察、企业子文化创新协调机制的模式分析等。 |
| ● |
| 相关链接 |
|
|
|
正题名:创新型企业文化的结构与重建
索取号:F279.23/Z852
 
预约/预借
| 序号 | 登录号 | 条形码 | 馆藏地/架位号 | 状态 | 备注 |
| 1 | 748715 | 207487156 | 社科二线422/409社科库 98排2列5层/ [索取号:F279.23/Z852] | 在馆 | |
| 2 | 748716 | 207487165 | 社科库409/409社科库 98排2列5层/ [索取号:F279.23/Z852] | 在馆 | |
| 3 | 748717 | 207487174 | 社科库409/409社科库 98排2列5层/ [索取号:F279.23/Z852] | 在馆 |